[Event "45th Olympiad 2024"]
[Site "Budapest HUN"]
[Date "2024.09.16"]
[Round "6.23"]
[Board "3"]
[White "Bologan, Victor"]
[Black "Waldhausen Gordon, Frederick"]
[Result "1-0"]
[WhiteElo "2598"]
[BlackElo "2351"]
[PlyCount "81"]
[EventDate "2024.09.11"]
[WhiteTeam "Moldova"]
[BlackTeam "Scotland"]
[WhiteTeamCountry "MDA"]
[BlackTeamCountry "SCO"]

1. e4 e5 2. Nf3 Nc6 3. Bb5 a6 4. Ba4 Nf6 5. O-O Be7 6. d3 b5 7. Bb3 d6 8. Bd2 O-O 9. h3 h6 10. a4 ({RR} 10. Re1 Re8 11. a3 Bf8 12. Nc3 Rb8 13. Ba2 Ne7 14. Nh4 g5 15. Nf3 Ng6 16. Nh2 c6 17. Ne2 d5 18. Ng3 dxe4 19. dxe4 Rb7 20. Qf3 Nf4 21. Rad1 Rd7 22. Be3 Rxd1 23. Rxd1 Qe7 24. Ng4 Nxg4 {1-0 Carlsen,M (2872)-Vitiugov,N (2747) Tata Steel-A 82nd 2020 (8)}) 10... Bb7 $146 ({RR} 10... Rb8 11. axb5 axb5 12. Nc3 Re8 13. Be3 Bf8 14. Qd2 Nb4 15. Ra5 c6 16. Ra7 Be6 17. Bxe6 Rxe6 18. d4 exd4 19. Nxd4 Re8 20. Na2 c5 21. Nxb4 Nxe4 22. Qd3 cxd4 23. Qxd4 Qc8 24. Rfa1 Nf6 25. c3 {½-½ Bernadskiy,V (2553)-Agmanov,Z (2446) Vladimir Dvorkovich Open 2023 (7.11)}) ({RR} 10... b4 11. a5 Rb8 12. Qe1 Be6 13. Ba4 Nxa5 14. Bxb4 Nb7 15. Bc6 Qc8 16. Nxe5 Nd8 17. f4 dxe5 18. Bxe7 Nxc6 19. Bxf8 Qxf8 20. Qc3 Nd4 21. Rf2 Qd6 22. fxe5 Qxe5 23. b3 c5 24. Rxa6 Qg5 25. Qd2 {0-1 Vincenti,L (2071)-Tejaswini,S (1966) Vezerkepzo IM New Year 2024 (7.5)}) 11. Na3 Na7 12. c4 Qd7 13. Nc2 Rfe8 14. Ne3 Bf8 15. Nh2 bxc4 16. Nxc4 d5 17. Na5 Rab8 18. Nxb7 Rxb7 19. exd5 Nxd5 20. Re1 Bb4 21. Bc4 Bxd2 22. Qxd2 Nb4 23. Ng4 e4 24. Qf4 Nxd3 25. Rad1 Rb6 26. Rxd3 exd3 27. Qxf7+ Qxf7 28. Rxe8+ Kh7 29. Bxf7 d2 30. Ne3 Rxb2 31. Bg8+ Kg6 32. Re6+ Kg5 33. g3 d1=Q+ 34. Nxd1 Rb1 35. Bh7 Rxd1+ 36. Kg2 Rd2 37. h4+ Kg4 38. Re4+ Kh5 39. Kh3 Rd3 40. Re5+ g5 41. Bxd3 1-0

[Event "45th Olympiad 2024"]
[Site "Budapest HUN"]
[Date "2024.09.16"]
[Round "6.23"]
[Board "4"]
[White "Abdulla, Murad"]
[Black "Iordachescu, Viorel"]
[Result "0-1"]
[WhiteElo "2312"]
[BlackElo "2572"]
[PlyCount "94"]
[EventDate "2024.09.11"]
[WhiteTeam "Scotland"]
[BlackTeam "Moldova"]
[WhiteTeamCountry "SCO"]
[BlackTeamCountry "MDA"]

1. e4 e5 2. Nf3 Nc6 3. Nc3 Nf6 4. d4 exd4 5. Nxd4 Bb4 6. Nxc6 bxc6 7. Bd3 O-O 8. O-O d5 9. exd5 cxd5 10. h3 c6 11. Qf3 Rb8 12. Bf4 Bd6 13. b3 Bxf4 14. Qxf4 Be6 15. Rfe1 Qa5 ({RR} 15... c5 16. Rad1 Qa5 17. Re3 Rb4 18. Qe5 Nd7 19. Qh5 Nf6 20. Qe5 Nd7 21. Qh5 g6 22. Qh6 Qd8 23. Rg3 Qf6 24. Ne2 Rh4 25. Qe3 Qe5 26. Qxe5 Nxe5 27. f4 Nxd3 28. Rdxd3 Rh5 29. Rge3 d4 30. g4 {0-1 Nguyen Thu Giang (2068)-Balajayeva,K (2384) Olympiad Women 2024 (2.7)}) 16. Ne2 c5 17. Ng3 $146 ({RR} 17. a3 Rbc8 18. b4 Qb6 19. bxc5 Qxc5 20. Nd4 Rfe8 21. Re3 Bd7 22. Rae1 Qa5 23. Rxe8+ Rxe8 24. Rxe8+ Bxe8 25. Qe3 Qb6 26. Nf5 Qxe3 27. Nxe3 g6 28. c4 dxc4 29. Bxc4 Kf8 30. Nd5 Nxd5 31. Bxd5 Ke7 {0-1 Eswaran,A (2086)-Cervantes Landeiro,T (2032) USA-ch U20 Girls 2017 (9)}) ({RR} 17. Qf3 c4 18. Bf5 Bxf5 19. Qxf5 Rfe8 20. c3 Rxe2 21. Rxe2 Qxc3 22. Rd1 cxb3 23. axb3 Qxb3 24. Qc2 Qb5 25. Ree1 Qc4 26. Qxc4 dxc4 27. Rd4 Ne8 28. Rxc4 Nd6 29. Rc7 a6 30. Rc6 Nf5 31. Rec1 g6 {1-0 Junk,P (2127)-Riechenberg,S (1924) 40th Muensterland Open 2023 (2.18)}) 17... Qc3 18. Ne2 Qa5 19. Ng3 Rb4 20. Qf3 Qc7 21. Nh5 Nxh5 22. Qxh5 g6 23. Qe5 Rc8 24. c3 Rb6 25. Qxc7 Rxc7 26. Rab1 c4 27. bxc4 dxc4 28. Bc2 Rd7 29. Rxb6 axb6 30. Kf1 Ra7 31. Bb1 Ra3 32. Rc1 Kg7 33. Ke2 Kf6 34. Kd2 h5 35. Kc2 Ra5 36. Re1 Rg5 37. g3 Bxh3 38. Kb2 Re5 39. Rxe5 Kxe5 40. Ka3 g5 41. Bc2 Bf5 42. Bd1 h4 43. f4+ Kd5 44. gxh4 gxh4 45. Bf3+ Be4 46. Bg4 Bg2 47. Kb4 Ke4 0-1

[Event "45th Olympiad 2024"]
[Site "Budapest HUN"]
[Date "2024.09.16"]
[Round "6.24"]
[Board "2"]
[White "Quesada Perez, Luis Ernesto"]
[Black "Nanjo, Ryosuke"]
[Result "1-0"]
[WhiteElo "2578"]
[BlackElo "2372"]
[PlyCount "81"]
[EventDate "2024.09.11"]
[WhiteTeam "Cuba"]
[BlackTeam "Japan"]
[WhiteTeamCountry "CUB"]
[BlackTeamCountry "JPN"]

1. Nf3 Nf6 2. c4 c5 3. g3 Nc6 4. Bg2 d5 5. cxd5 Nxd5 6. Nc3 Nc7 7. d3 e5 8. O-O Be7 9. Nd2 Bd7 10. Nc4 f6 11. f4 b5 12. Ne3 O-O 13. fxe5 ({RR} 13. a4 b4 14. Ne4 f5 15. Nd2 exf4 16. gxf4 Bf6 17. Nb3 Qe7 18. Nc4 Rae8 19. e3 Rd8 20. Qc2 Be8 21. Bd2 Ne6 22. Rad1 Qd7 23. Be1 Bh5 24. Rd2 Ne7 25. Bg3 Kh8 26. Kh1 Qxa4 27. Ra1 Qd7 {0-1 Meier,G (2628)-Nepomniachtchi,I (2789) World Corporate Final rapid 2021 (4)}) ({RR} 13. Ned5 Rb8 14. Nxc7 Qxc7 15. a4 b4 16. Nd5 Qd6 17. Be3 Nd4 18. fxe5 fxe5 19. Nxe7+ Qxe7 20. Bxd4 exd4 21. Qb3+ Kh8 22. Rxf8+ Rxf8 23. Qd5 Bg4 24. Be4 Bxe2 25. Kg2 c4 26. Qxd4 cxd3 27. Bxd3 Bf3+ {0-1 Mieles Palau,D (2321)-Di Berardino,D (2472) 45th Olympiad 2024 (2.39)}) 13... Nxe5 $146 ({RR} 13... fxe5 14. Ned5 Rb8 15. Bd2 Nxd5 16. Nxd5 Rxf1+ 17. Qxf1 Bg5 18. Bxg5 Qxg5 19. Qf2 Nd4 20. Rf1 Qd8 21. Qe3 Qe8 22. Qg5 h6 23. Nf6+ Kh8 24. Nxe8 hxg5 25. Rf8+ Kh7 26. Be4+ g6 27. Nf6+ Kg7 28. Rxb8 {1-0 Benko,P-Pomar Salamanca,A Orense 1973 (2)}) ({RR} 13... fxe5 14. Rxf8+ Bxf8 15. a4 a6 16. axb5 axb5 17. Rxa8 Qxa8 18. Nxb5 Nxb5 19. Qb3+ Kh8 20. Qxb5 Qe8 21. Bxc6 Bxc6 22. Qc4 e4 23. dxe4 Bxe4 24. Bd2 Bc6 25. Qf4 Kg8 26. Bc3 Qe6 27. Kf2 Qh3 28. g4 {1-0 Christiansen,J (2408)-Nordquelle,D (2001) NOR-chT 1617 2016 (1.4)}) 14. Nf5 Rc8 15. Nxe7+ Qxe7 16. Bf4 Rfd8 17. Qe1 b4 18. Ne4 Nb5 19. h3 Nd4 20. Qf2 Bb5 21. Be3 Nxd3 22. exd3 Bxd3 23. Bxd4 Rxd4 24. Nd2 Bxf1 25. Bxf1 Qd6 26. Nc4 Qd5 27. b3 Re8 28. Rc1 h5 29. h4 Qe6 30. Nd2 Qe3 31. Rc2 g5 32. Nf3 Rg4 33. Kg2 gxh4 34. Nxh4 Qe4+ 35. Kh2 Re5 36. Rd2 Reg5 37. Bc4+ Kg7 38. Rd7+ Kh6 39. Qxf6+ Rg6 40. Nf5+ Qxf5 41. Qxf5 1-0

[Event "45th Olympiad 2024"]
[Site "Budapest HUN"]
[Date "2024.09.16"]
[Round "6.25"]
[Board "1"]
[White "Kuybokarov, Temur"]
[Black "Zhakshylykov, Erzhan"]
[Result "1-0"]
[WhiteElo "2562"]
[BlackElo "2327"]
[PlyCount "107"]
[EventDate "2024.09.11"]
[WhiteTeam "Australia"]
[BlackTeam "Kyrgyzstan"]
[WhiteTeamCountry "AUS"]
[BlackTeamCountry "KGZ"]

1. e4 {ChessBase} e5 2. Nf3 Nc6 3. Bb5 a6 4. Ba4 Nf6 5. O-O Be7 6. Re1 b5 7. Bb3 d6 8. c3 O-O 9. h3 Nb8 10. d4 Nbd7 11. c4 c6 12. Nc3 b4 13. Na4 c5 14. d5 Re8 15. a3 a5 16. Bc2 Nf8 17. b3 Ng6 18. Be3 Bd7 19. Nb2 h6 20. Qd2 Nh7 21. Ra2 Bg5 $146 ({RR} 21... Rb8 22. axb4 axb4 23. Rea1 Ng5 24. Nxg5 hxg5 25. Bd1 Nf4 26. Bg4 g6 27. Ra7 f5 28. Bf3 Qc8 29. Nd3 Nxd3 30. Qxd3 f4 31. Bxc5 Qxc5 32. Rxd7 Bd8 33. Qe2 Re7 34. Rxe7 Bxe7 35. Ra6 g4 36. Bxg4 {1-0 Abdusattorov,N (2560)-Kovalev,V (2703) Moscow Aeroflot op-A 18th 2019 (3)}) ({RR} 21... Ng5 22. Nxg5 Bxg5 23. axb4 Bxe3 24. Qxe3 axb4 25. Rea1 Rxa2 26. Rxa2 Nf4 27. Nd3 Qg5 28. Nxf4 exf4 29. Qd3 Qe5 30. Qd1 Kf8 31. Kf1 Bc8 32. f3 Qg5 33. Qa1 Qg3 34. Bd1 h5 35. Ra7 h4 36. Qa5 {0-1 Vallejo Pons,F (2684)-Carlsen,M (2850) Wch Rapid Berlin 2015 (3)} ({RR} 36. Qa4 Bxh3 37. gxh3 Qxh3+ 38. Ke1 Qg3+ 39. Kd2 h3 40. Qd7 Qg6)) 22. Nxg5 hxg5 23. Rea1 Rb8 24. Bd1 Nf4 25. axb4 axb4 26. Bg4 g6 27. Bxd7 Qxd7 28. Kh2 f5 29. Ra7 Rb7 30. Rxb7 Qxb7 31. exf5 gxf5 32. g3 Nh5 33. Bxg5 Qg7 34. Bh4 e4 35. Qe2 Qh6 36. Ra6 Ng5 37. Bxg5 Qxg5 38. Rxd6 e3 39. h4 Qg4 40. Qxg4+ fxg4 41. Nd3 e2 42. Ne1 Ng7 43. Rg6 Ra8 44. d6 Ra1 45. d7 Rd1 46. Rxg4 Rxd7 47. Re4 Rd2 48. g4 Rd4 49. Rxd4 cxd4 50. c5 Ne6 51. c6 Kf7 52. h5 Ke7 53. h6 Ng5 54. f4 1-0

[Event "45th Olympiad 2024"]
[Site "Budapest HUN"]
[Date "2024.09.16"]
[Round "6.25"]
[Board "2"]
[White "Khoroshev, Nikita"]
[Black "Cheng, Bobby"]
[Result "0-1"]
[WhiteElo "2355"]
[BlackElo "2588"]
[PlyCount "74"]
[EventDate "2024.09.11"]
[WhiteTeam "Kyrgyzstan"]
[BlackTeam "Australia"]
[WhiteTeamCountry "KGZ"]
[BlackTeamCountry "AUS"]

1. Nf3 d5 2. g3 Nf6 3. Bg2 e6 4. O-O Be7 5. c4 O-O 6. b3 d4 7. e3 c5 8. exd4 cxd4 9. Ne5 Bd6 ({RR} 9... Nfd7 10. Nxd7 Qxd7 11. f4 Nc6 12. d3 b6 13. Nd2 Bb7 14. Nf3 a5 15. a3 h6 16. Qe2 Rad8 17. Bd2 Bc5 18. Rfb1 Qe7 19. b4 axb4 20. axb4 Nxb4 21. Bxb4 Bxb4 22. Ne5 Bc5 23. Ra7 Bf3 24. Qa2 {½-½ Artemiev,V (2699)-Yu,Y (2704) Online Olym KO Stage rapid 2021 (2.1)}) 10. Re1 Bxe5 $146 ({RR} 10... Qc7 11. Qe2 Nbd7 12. f4 Rd8 13. d3 Bc5 14. Nd2 Bb4 15. Rf1 a5 16. a3 Bc3 17. Rb1 Nc5 18. Ndf3 Rb8 19. Ng5 Rf8 20. b4 Na6 21. b5 Nc5 22. b6 Qe7 23. Rb5 a4 24. Bd2 Nb3 25. Be1 {½-½ Ibarra Jerez,J (2559)-Javakhadze,Z (2440) Titled Tue 16th Jan Early 2024 (8)}) ({RR} 10... Qc7 11. Nf3 Nc6 12. d3 e5 13. Na3 a6 14. Nc2 h6 15. Rb1 Bg4 16. h3 Bf5 17. b4 Rfe8 18. a4 Rad8 19. b5 axb5 20. axb5 Nb8 21. Ba3 Bxa3 22. Nxa3 b6 23. Nc2 Nbd7 24. Nb4 Nc5 25. Ra1 {1-0 Harika,D (2507)-Akobian,V (2591) PRO League Prelim 2023 (2.4)}) 11. Rxe5 Nc6 12. Re1 e5 13. d3 Bg4 14. Qd2 Re8 15. Na3 Qd7 16. Bb2 Bh3 17. Bh1 a6 18. c5 Be6 19. Nc4 Bxc4 20. bxc4 Re7 21. Rab1 Rae8 22. f3 h5 23. Re2 h4 24. Rbe1 Qf5 25. Ba3 Nh5 26. Rg2 hxg3 27. hxg3 Qxf3 28. Bc1 e4 29. Rh2 Qxg3+ 30. Rg2 e3 31. Qe2 Qe5 32. Qg4 Re6 33. Rf1 Rg6 34. Qd7 Rxg2+ 35. Bxg2 Nf6 36. Qxb7 e2 37. Qxc6 e1=Q 0-1

[Event "45th Olympiad 2024"]
[Site "Budapest HUN"]
[Date "2024.09.16"]
[Round "6.25"]
[Board "3"]
[White "Sardana, Rishi"]
[Black "Orozbaev, Eldiyar"]
[Result "1-0"]
[WhiteElo "2477"]
[BlackElo "2376"]
[PlyCount "121"]
[EventDate "2024.09.11"]
[WhiteTeam "Australia"]
[BlackTeam "Kyrgyzstan"]
[WhiteTeamCountry "AUS"]
[BlackTeamCountry "KGZ"]

1. e4 c5 2. Nf3 d6 3. Bb5+ Nd7 4. O-O a6 5. Be2 Ngf6 6. d3 g6 7. c4 Bg7 8. Nc3 O-O 9. d4 cxd4 10. Nxd4 Qc7 ({RR} 10... Nc5 11. f3 Bd7 12. Kh1 Rc8 13. Be3 Qa5 14. Nb3 Nxb3 15. axb3 Qb4 16. Bd4 Bc6 17. Ra3 d5 18. Na2 Qd6 19. e5 Qe6 20. exf6 exf6 21. Nc3 dxc4 22. Bxc4 Qf5 23. Qb1 Qh5 24. Ne4 Qf5 25. Nxf6+ {1-0 Paravyan,D (2612)-Globus,O (2426) Titled Tue 27th Feb Early 2024 (11)}) 11. Be3 Ne5 $146 ({RR} 11... e6 12. Rc1 b6 13. f3 Bb7 14. Qd2 Rac8 15. Rfd1 Rfd8 16. Bh6 Bxh6 17. Qxh6 Re8 18. Bf1 Ne5 19. b3 Qe7 20. Qg5 Rc5 21. Qh4 Kh8 22. Nde2 Rcc8 23. Qf2 Ned7 24. Rd2 Red8 25. Rcd1 Ne8 26. Na4 {0-1 Arjun,K (2537)-Aryan,C (2585) Chess Super League 2021 (5.3)}) 12. Nd5 Qd8 13. f3 Bd7 14. Qd2 Nc6 15. Nb3 b5 16. cxb5 axb5 17. Nxf6+ Bxf6 18. Bxb5 Na5 19. Be2 Nxb3 20. axb3 Be6 21. b4 d5 22. exd5 Qxd5 23. Qxd5 Bxd5 24. Rxa8 Rxa8 25. Rd1 e6 26. Bd4 Bg5 27. Kf2 Be7 28. Bc5 Bf6 29. Bd4 Be7 30. Bc3 Kf8 31. Ke3 g5 32. g3 h5 33. f4 g4 34. b5 Ra4 35. Bd4 f6 36. Rc1 Ke8 37. Bd3 Bd8 38. Rc3 Kd7 39. Bc5 Ra2 40. Rc2 Bc7 41. Bd4 Bb3 42. Rc3 Bd5 43. Bc4 Bxc4 44. Rxc4 e5 45. fxe5 fxe5 46. Bc3 Ra1 47. Rc6 Bd6 48. Ke4 Rh1 49. Kd5 Rd1+ 50. Ke4 Rh1 51. Ra6 h4 52. gxh4 Bb8 53. Rg6 Rxh2 54. Rxg4 Rh1 55. Rg7+ Kc8 56. Rh7 Bc7 57. h5 Kb8 58. h6 Rh4+ 59. Kd5 e4 60. Kc6 e3 61. Rh8+ 1-0

[Event "45th Olympiad 2024"]
[Site "Budapest HUN"]
[Date "2024.09.16"]
[Round "6.25"]
[Board "4"]
[White "Abdyzhapar, Asylbek"]
[Black "Smerdon, David C"]
[Result "0-1"]
[WhiteElo "2357"]
[BlackElo "2475"]
[PlyCount "88"]
[EventDate "2024.09.11"]
[WhiteTeam "Kyrgyzstan"]
[BlackTeam "Australia"]
[WhiteTeamCountry "KGZ"]
[BlackTeamCountry "AUS"]

1. d4 Nf6 2. c4 g6 3. Nf3 Bg7 4. g3 O-O 5. Bg2 d6 6. O-O c6 7. Nc3 Bf5 8. Re1 Ne4 9. Qb3 Nxc3 10. bxc3 Qb6 ({RR} 10... Qc8 11. e4 Bg4 12. e5 Bxf3 13. Bxf3 dxe5 14. Rb1 exd4 15. cxd4 Bxd4 16. Qxb7 Qf5 17. Kg2 Na6 18. Bh6 Nc5 19. Qxe7 Nd3 20. Re4 Bg7 21. Rd1 Bxh6 22. Rxd3 Bg5 23. Qe5 Qxe5 24. Rxe5 Bf6 25. Ra5 {½-½ Mamedyarov,S (2753)-Carlsen,M (2864) Moscow Tal Memorial 8th 2013 (9)}) 11. e4 Bc8 $146 ({RR} 11... Bg4 12. Rb1 Qxb3 13. axb3 Na6 14. Be3 Nc7 15. Nd2 b5 16. e5 d5 17. cxb5 Nxb5 18. Rec1 Bf5 19. Ra1 Rfc8 20. Ra6 Bd3 21. c4 Nxd4 22. Bxd4 c5 23. Bb2 d4 24. Bxa8 Rxa8 25. f4 f6 26. exf6 {1-0 Vidit,S (2726)-Ibrahimli,M (2436) Titled Tuesday intern op 23rd Feb blitz 2021 (10)}) ({RR} 11... Bg4 12. Bg5 Re8 13. Rab1 Nd7 14. Qa4 Qc7 15. Nd2 e5 16. h3 Nb6 17. Qa5 Bc8 18. c5 dxc5 19. dxc5 Nd5 20. Qa3 Nf6 21. Nc4 Be6 22. Nd6 Reb8 23. f4 exf4 24. gxf4 Nh5 25. f5 Bc8 26. Rf1 {0-1 Stribuk,A (2422)-Yoo,C (2599) Chess.com Speed Play-In 2024 (2)}) ({RR} 11... Be6 12. Ng5 Bc8 13. f4 c5 14. Nf3 Nc6 15. Be3 Na5 16. Qa4 Qc7 17. Nd2 Bd7 18. Qc2 Rac8 19. d5 e6 20. Rab1 a6 21. Bf1 Rfe8 22. Bf2 exd5 23. cxd5 b5 24. c4 Rb8 25. Bd3 Rb7 26. Kg2 {0-1 Halkias,S (2567)-Ozer,O (2317) Titled Tuesday intern op 15st Dec blitz 2020 (6)}) 12. e5 dxe5 13. Nxe5 Re8 14. c5 Qxb3 15. axb3 Be6 16. b4 Bxe5 17. Rxe5 Nd7 18. Re1 Bc4 19. Bg5 f6 20. Bh3 Nxc5 21. bxc5 fxg5 22. Bd7 Red8 23. Rxe7 Kf8 24. Rae1 a5 25. Bg4 Re8 26. Rxe8+ Rxe8 27. Ra1 a4 28. f4 h5 29. Bh3 gxf4 30. Rxa4 Bb5 31. Rb4 Re1+ 32. Kf2 Re2+ 33. Kf3 Rxh2 34. Bc8 fxg3 35. c4 Ba6 36. d5 h4 37. dxc6 Rf2+ 38. Ke3 bxc6 39. Bxa6 Rf5 40. Rb1 g2 41. Ke2 h3 42. Bc8 h2 43. Bxf5 gxf5 44. Kf2 h1=Q 0-1

[Event "45th Olympiad 2024"]
[Site "Budapest HUN"]
[Date "2024.09.16"]
[Round "6.26"]
[Board "1"]
[White "Bogner, Sebastian"]
[Black "Atabayev, Saparmyrat"]
[Result "1-0"]
[WhiteElo "2545"]
[BlackElo "2516"]
[PlyCount "99"]
[EventDate "2024.09.11"]
[WhiteTeam "Switzerland"]
[BlackTeam "Turkmenistan"]
[WhiteTeamCountry "SUI"]
[BlackTeamCountry "TKM"]

1. e4 e5 2. Nf3 Nc6 3. Bc4 Nf6 4. d3 Bc5 5. Nc3 O-O 6. Bg5 Be7 7. h3 ({RR} 7. a4 d6 8. O-O Kh8 9. h3 Be6 10. Re1 a6 11. Rb1 h6 12. Bxf6 Bxf6 13. Nd5 Rb8 14. b4 Bxd5 15. exd5 Ne7 16. d4 Ng6 17. dxe5 Nxe5 18. Nxe5 Bxe5 19. g3 Qd7 20. b5 Qxh3 21. Bf1 Qd7 {½-½ Kogan,A (2569)-Roiz,M (2680) Politiken Cup 30th 2008 (4)}) ({RR} 7. Qe2 Nd4 8. Nxd4 exd4 9. Bxf6 Bxf6 10. Nd5 c6 11. Nxf6+ Qxf6 12. O-O b5 13. Bb3 a5 14. a4 b4 15. f4 d6 16. g4 Qh4 17. f5 Kh8 18. Kh1 c5 19. Rg1 f6 20. Rg3 Bb7 21. Rag1 h6 {1-0 Vlassov,N (2283)-Putri,R (1863) Titled Tue 3rd Jan Early 2023 (1)}) 7... d6 8. a4 Be6 9. Bxf6 $146 ({RR} 9. O-O Nxe4 10. Nxe4 d5 11. Bxe7 Qxe7 12. Bb5 dxe4 13. dxe4 Rfd8 14. Qe2 Qc5 15. c3 f6 16. Nd2 Kh8 17. Rac1 a6 18. b4 Qd6 19. Nc4 Qd7 20. Bxc6 Qxc6 21. Na5 Qb6 22. Rfd1 c5 23. Nc4 Qc6 {0-1 Bejatovic,B (2004)-Olsarova,K (2294) EU-chT (Women) 22nd 2019 (4.14)}) ({RR} 9. O-O h6 10. Bd2 d5 11. exd5 Nxd5 12. Bb5 Ndb4 13. Re1 Nd4 14. Nxd4 exd4 15. Ne4 a6 16. Bc4 Bxc4 17. dxc4 a5 18. Ra3 f5 19. Bxh6 d3 20. Bxg7 Kxg7 21. cxd3 Nc2 22. Qxc2 Bxa3 23. bxa3 fxe4 {0-1 Rjabzev,K (2314)-Klecker,T (2206) Pardubice Czech op-A 26th 2015 (7.83)}) 9... Bxf6 10. Bxe6 fxe6 11. O-O Qe8 12. Nb5 Qd7 13. c3 Ne7 14. g3 Rf7 15. Kg2 Raf8 16. Na3 Ng6 17. Nc4 Qd8 18. Nh2 Bg5 19. Qe2 Re8 20. Na3 d5 21. Nc2 Be7 22. Ne1 a5 23. Qg4 Bc5 24. Nef3 Rf6 25. h4 Ref8 26. h5 Ne7 27. d4 exd4 28. e5 Rf5 29. cxd4 Bb6 30. Nh4 R5f7 31. Qxe6 Nc6 32. N2f3 Nxd4 33. Nxd4 Bxd4 34. f4 Re8 35. Qg4 Bxb2 36. Rab1 Bc3 37. e6 Rf6 38. f5 Bb4 39. Nf3 Qd6 40. h6 Rxh6 41. Rh1 Qc5 42. Rbc1 Qe3 43. Rxh6 Qxh6 44. Rxc7 Bd6 45. Rd7 Rc8 46. Qh4 Qc1 47. Rxd6 Rc2+ 48. Kh3 Qf1+ 49. Kg4 h6 50. Rd8+ 1-0

[Event "45th Olympiad 2024"]
[Site "Budapest HUN"]
[Date "2024.09.16"]
[Round "6.27"]
[Board "1"]
[White "Zambrana, Osvaldo"]
[Black "Supi, Luis Paulo"]
[Result "1/2-1/2"]
[WhiteElo "2405"]
[BlackElo "2570"]
[PlyCount "164"]
[EventDate "2024.09.11"]
[WhiteTeam "Bolivia"]
[BlackTeam "Brazil"]
[WhiteTeamCountry "BOL"]
[BlackTeamCountry "BRA"]

1. e4 e5 2. Nf3 Nc6 3. Bc4 Nf6 4. d3 Bc5 5. O-O d6 6. c3 a6 7. a4 h6 8. Na3 O-O 9. Nc2 Ba7 10. Be3 Bb8 ({RR} 10... Bxe3 11. Nxe3 Be6 12. Bxe6 fxe6 13. a5 d5 14. Qb3 Qd6 15. exd5 exd5 16. c4 Kh7 17. Nxd5 Rad8 18. Qxb7 Nxd5 19. cxd5 Qxd5 20. Rac1 Rd6 21. Nd2 Rg6 22. Ne4 Qxd3 23. Ng3 Nd4 24. Rc3 Ne2+ 25. Nxe2 {½-½ Adams,M (2761)-Eljanov,P (2751) Gashimov Memorial 4th 2017 (4)}) ({RR} 10... Be6 11. Bxa7 Rxa7 12. Ne3 d5 13. exd5 Nxd5 14. Nd2 Nf4 15. Bxe6 Nxe6 16. Ndc4 Ra8 17. g3 Qd7 18. Qh5 Qxd3 19. Nxe5 Nxe5 20. Qxe5 Rad8 21. Rfe1 Qd6 22. Qxd6 Rxd6 23. Rad1 Rfd8 24. Rxd6 Rxd6 25. Nc4 {0-1 Rees,I (2273)-Estrada Nieto,J (2199) Titled Tue 9th Jan Early 2024 (7)}) 11. a5 $146 ({RR} 11. h3 Ne7 12. a5 c6 13. Bb6 Bc7 14. Bxc7 Qxc7 15. Re1 Ng6 16. d4 Re8 17. dxe5 Nxe5 18. Nxe5 dxe5 19. Qf3 Be6 20. Ne3 Rad8 21. Bxe6 Rxe6 22. Nc4 Ne8 23. Red1 Nd6 24. Nb6 Ree8 25. Qg4 Nb5 {1-0 Safarli,E (2618)-Yankelevich,L (2472) 33rd Staufer-Open 2023 (9.5)}) ({RR} 11. Re1 Ne7 12. d4 Nxe4 13. dxe5 d5 14. Bd3 Ng6 15. c4 c6 16. cxd5 cxd5 17. Bd4 Re8 18. Bxe4 dxe4 19. Rxe4 Bf5 20. Re1 Nxe5 21. Nxe5 Bxe5 22. Rxe5 Rxe5 23. Bxe5 Qxd1+ 24. Rxd1 {½-½ Vaibhav,S (2427)-Petrov,N (2583) Dubai HOC blitz op 2019 (3)}) 11... Ne7 12. Re1 Ng6 13. Bb3 Re8 14. Qb1 Nh5 15. Na3 Nhf4 16. Bd1 d5 17. exd5 Qxd5 18. Bxf4 Nxf4 19. d4 e4 20. Bc2 Bf5 21. Nh4 Bh7 22. f3 f5 23. g3 Nh3+ 24. Kf1 Kh8 25. Qa2 Qd7 26. Nc4 Ba7 27. Qa4 c6 28. Kg2 g5 29. Kxh3 gxh4 30. f4 Qg7 31. Bd1 hxg3 32. hxg3 h5 33. Rg1 Re6 34. Be2 Rg8 35. Ne5 Bb8 36. Qb3 Rf6 37. c4 Bxe5 38. dxe5 Rg6 39. Qc3 h4 40. e6 Qxc3 41. bxc3 hxg3 42. e7 Rh6+ 43. Kg2 Re6 44. Rad1 Rxe7 45. c5 Bg6 46. Rh1+ Rh7 47. Rxh7+ Bxh7 48. Rd7 Rg7 49. Rd8+ Rg8 50. Rd7 Rg7 51. Rd8+ Bg8 52. Rf8 Rf7 53. Rxf7 Bxf7 54. Kxg3 Kg7 55. Kf2 Kf6 56. Ke3 Bb3 57. Kd4 Ke6 58. Bh5 Kf6 59. Be2 Ke6 60. Bh5 Bc2 61. Be2 Bd3 62. Bd1 Bf1 63. Bb3+ Kf6 64. Ke3 Bg2 65. Bc4 Bh3 66. Ba2 Bg4 67. Bb3 Bf3 68. Ba2 Bg4 69. Bb3 Bh5 70. Bc4 Bg6 71. Bb3 Bf7 72. Bd1 Bg6 73. Bb3 Bf7 74. Bd1 Ba2 75. Kd4 Bb1 76. Ke3 Ba2 77. Kd4 Bf7 78. Ke3 Ba2 79. Kd4 Ke6 80. Be2 Bb3 81. Bh5 Ba4 82. Be2 Bb3 1/2-1/2

[Event "45th Olympiad 2024"]
[Site "Budapest HUN"]
[Date "2024.09.16"]
[Round "6.27"]
[Board "3"]
[White "Pinto, Daniel"]
[Black "Quintiliano, Renato R."]
[Result "0-1"]
[WhiteElo "2273"]
[BlackElo "2499"]
[PlyCount "82"]
[EventDate "2024.09.11"]
[WhiteTeam "Bolivia"]
[BlackTeam "Brazil"]
[WhiteTeamCountry "BOL"]
[BlackTeamCountry "BRA"]

1. e4 c5 2. Nf3 d6 3. c3 Nf6 4. Be2 g6 5. O-O Bg7 6. Bb5+ Nc6 7. Re1 O-O 8. h3 e5 9. d4 exd4 10. cxd4 cxd4 11. Nxd4 Nxd4 12. Qxd4 a6 $146 ({RR} 12... Be6 13. Nd2 Nd5 14. Qa4 Nb6 15. Qa5 a6 16. Bd3 Rc8 17. Nf3 Nc4 18. Qxd8 Rfxd8 19. Ng5 Nxb2 20. Bxb2 Bxb2 21. Nxe6 fxe6 22. Rab1 Bc3 23. Re2 b5 24. a4 bxa4 25. Ra2 a5 26. Rb7 Rb8 27. Ra7 {0-1 Rychkov,O (2333)-Shomoev,A (2574) RUS-ch Higher League 67th 2014 (7)}) ({RR} 12... Be6 13. Nc3 Nd5 14. Qxg7+ Kxg7 15. exd5 Bd7 16. Bd3 Re8 17. Be3 f5 18. Rac1 a6 19. a3 Kf7 20. Nb1 Rc8 21. Nd2 Qf6 22. Nc4 f4 23. Bb6 Rxc4 24. Bxc4 Qxb2 25. Bc7 Rxe1+ 26. Rxe1 Qc3 27. Re4 {0-1 Cominato Neto,J (2272)-Supi,L (2581) Florianopolis op 8th 2022 (4)}) 13. Ba4 Be6 14. Qd1 d5 15. e5 Ne4 16. Nd2 Bxe5 17. Nxe4 dxe4 18. Rxe4 Bg7 19. Qe2 Bd5 20. Re7 Qa5 21. Bd7 Rad8 22. Bd2 Qb6 23. Bc3 Bxc3 24. bxc3 Bxg2 25. Kxg2 Rxd7 26. Rxd7 Qc6+ 27. Qf3 Qxd7 28. Rd1 Qc7 29. Rb1 b5 30. Qf6 Qb7+ 31. Kg1 Qc8 32. Kg2 Qc4 33. Rb2 Qd5+ 34. Kg1 Re8 35. Qd4 Re1+ 36. Kh2 Qh1+ 37. Kg3 Rg1+ 38. Kf4 Qxh3 39. Qd8+ Kg7 40. Qd4+ f6 41. f3 Re1 0-1